Statistics for Countries Closest to Niger - 30 Second Sprint

Click here to take the quiz!

General Stats

  • This quiz has been taken 37 times
  • The average score is 10 of 20

Answer Stats

kmcountrymiles% Correct
0Nigeria0
89%
0Chad0
79%
0Mali0
75%
0Algeria0
71%
0Libya0
64%
0Burkina Faso0
61%
701Central African
Republic
436
57%
0Benin0
54%
265Ghana165
54%
837Sudan520
50%
191Togo119
50%
618Côte d'Ivoire384
46%
952Egypt591
43%
86Cameroon53
39%
1146Dem Rep Congo712
39%
612Mauritania381
36%
1185Gabon736
29%
787Tunisia489
29%
1001Guinea622
18%
1007Equatorial Guinea626
14%

Score Distribution

Percentile by Number Answered

Percent of People with Each Score

Your Score History

You have not taken this quiz